000
00201nam a2200085Ia 4500
942
_c
BK
245
0
_a
INTERNET SECURITY DICTIONARY
100
_a
VIR V. PHOHA
008
210804s9999 xx 000 0 und d
999
_c
41319
_d
41318